000 00476 a2200169 4500
003 Nust
005 20170207153430.0
040 _cNust
082 _a005.1
100 _aJaved , CSUO Aamir BESE-07
245 _aPerson Alization of universal smart card microcontroller for secure management systems
_cCSUO Aamir Javed & GC Zaheer Ahmed BESE-07
260 _bMCS
_c2005
300 _a83 p
538 _aAlmirah No.71 Shelf No.4
650 _aUG Projects
651 _aUG CS Projects
942 _cTHS
999 _c186080
_d186080